MARC details
| 000 -LEADER |
| fixed length control field |
01746nam a2200457 a 4500 |
| 001 - CONTROL NUMBER |
| control field |
20143 |
| 003 - CONTROL NUMBER IDENTIFIER |
| control field |
VRT |
| 005 - DATE AND TIME OF LATEST TRANSACTION |
| control field |
20260117121225.0 |
| 008 - FIXED-LENGTH DATA ELEMENTS--GENERAL INFORMATION |
| fixed length control field |
250414s1983 xo 0 slo |
| 015 ## - NATIONAL BIBLIOGRAPHY NUMBER |
| National bibliography number |
SNBA1983/12 |
| 035 ## - SYSTEM CONTROL NUMBER |
| System control number |
SNK000035900 |
| 039 #9 - LEVEL OF BIBLIOGRAPHIC CONTROL AND CODING DETAIL [OBSOLETE] |
| Level of rules in bibliographic description |
202504141520 |
| Level of effort used to assign nonsubject heading access points |
VLOAD |
| Level of effort used to assign subject headings |
202407241108 |
| Level of effort used to assign classification |
AUTHORITY |
| Level of effort used to assign subject headings |
202403141155 |
| Level of effort used to assign classification |
VLOAD |
| Level of effort used to assign subject headings |
201905231748 |
| Level of effort used to assign classification |
AUTHORITY |
| 040 ## - CATALOGING SOURCE |
| Original cataloging agency |
SNK |
| Language of cataloging |
slo |
| Transcribing agency |
SNK |
| Description conventions |
AACR2 |
| 041 0# - LANGUAGE CODE |
| Language code of text/sound track or separate title |
slo |
| 044 ## - COUNTRY OF PUBLISHING/PRODUCING ENTITY CODE |
| MARC country code |
xo |
| ISO country code |
SK |
| 080 ## - UNIVERSAL DECIMAL CLASSIFICATION NUMBER |
| Universal Decimal Classification number |
746.3(035) |
| Edition identifier |
1981 |
| 080 ## - UNIVERSAL DECIMAL CLASSIFICATION NUMBER |
| Universal Decimal Classification number |
67/68 |
| Edition identifier |
2001 |
| 100 1# - MAIN ENTRY--PERSONAL NAME |
| Personal name |
Barišová, Margita |
| Relationship |
aut |
| 245 10 - TITLE STATEMENT |
| Title |
Vyšívame na netradičných materiáloch |
| Statement of responsibility, etc. |
Margita Barišová ; Rudolf Tandlmajer, Peter Rašla |
| 250 ## - EDITION STATEMENT |
| Edition statement |
1. vyd. |
| 260 ## - PUBLICATION, DISTRIBUTION, ETC. |
| Place of publication, distribution, etc. |
Bratislava |
| Name of publisher, distributor, etc. |
Práca |
| Place of publication, distribution, etc. |
S.l. |
| Name of publisher, distributor, etc. |
,t. [vyd.] |
| Date of publication, distribution, etc. |
1983 |
| Place of manufacture |
Martin |
| Manufacturer |
Tlačiarne SNP |
| 300 ## - PHYSICAL DESCRIPTION |
| Extent |
96 s., 19,83 AH |
| Dimensions |
30 cm |
| 366 ## - TRADE AVAILABILITY INFORMATION |
| Note |
60200 výtl. |
| 490 0# - SERIES STATEMENT |
| Series statement |
Knižnica praktických príručiek Práce |
| Volume/sequential designation |
Zv. 1/83. |
| 500 ## - GENERAL NOTE |
| General note |
Fot. na rozlož. tit. liste. |
| 650 07 - SUBJECT ADDED ENTRY--TOPICAL TERM |
| Topical term or geographic name entry element |
remeslá |
| Source of heading or term |
SNKPH |
| 700 1# - ADDED ENTRY--PERSONAL NAME |
| Personal name |
Tandlmajer, Rudolf |
| Titles and other words associated with a name |
(prekladateľ) |
| Relationship |
bkd |
| 700 1# - ADDED ENTRY--PERSONAL NAME |
| Personal name |
Rašla, Peter, |
| Dates associated with a name |
1944- |
| Relationship |
bkd |
| 942 ## - ADDED ENTRY ELEMENTS (KOHA) |
| Source of classification or shelving scheme |
Dewey Decimal Classification |
| Koha item type |
Odborná literatúra pre dospelých |
| Suppress in OPAC |
No |
| 949 ## - LOCAL PROCESSING INFORMATION (OCLC) |
| 6 |
3830001056113 |
| a |
kurukH4/63 |
| b |
kuruk2011/F6531 |
| o |
G2011/Marion-Antikvariat/07_2011/Krušinská |
| 949 ## - LOCAL PROCESSING INFORMATION (OCLC) |
| 6 |
3875K10390 |
| a |
bauluvT 92 D3 |
| b |
bauluv2022/10390 |
| o |
RCR_BB |
| 949 ## - LOCAL PROCESSING INFORMATION (OCLC) |
| 6 |
3875K08750 |
| a |
bauluvT 92 D2 |
| b |
bauluv2015/08750 |
| 949 ## - LOCAL PROCESSING INFORMATION (OCLC) |
| 6 |
17A0778898 |
| a |
snkSB 36777 |
| s |
6101:20151012 |
| 949 ## - LOCAL PROCESSING INFORMATION (OCLC) |
| 6 |
17A0074385 |
| 9 |
P60, <04>, [BOOK], {604} |
| a |
snkSB 36777 D1 |
| 949 ## - LOCAL PROCESSING INFORMATION (OCLC) |
| 6 |
4710708143 |
| a |
strmkI 746 |
| b |
strmk2008/8143 |
| 949 ## - LOCAL PROCESSING INFORMATION (OCLC) |
| 6 |
4710705709 |
| a |
strmkI 746 |
| b |
strmk2008/5709 |
| 949 ## - LOCAL PROCESSING INFORMATION (OCLC) |
| 6 |
3875K02560 |
| a |
bauluvT 92 |
| b |
bauluv/2560 |
| 949 ## - LOCAL PROCESSING INFORMATION (OCLC) |
| 6 |
273K0070128 |
| a |
svkpoC 19758 |
| b |
svkpo303385 |